International Journal of Islam in Asia.

Saved in:

Format: Journal

Language: Undetermined

Subjects:

Online Access: Login to view Source

Tags: Add Tag

No Tags, Be the first to tag this record!

Call Number:

LEADER 00514nms a2200181Ia 4500
005 20240402052844.0
008 240131s9999||||xx |||||||||||||||||und||
999 |c 56410  |d 56410 
022 |a 2589-9988 
022 |a 2589-9996 
245 0 0 |a International Journal of Islam in Asia. 
336 |2 rdacontent  |a text  |b txt 
337 |2 rdamedia  |a unmediated  |b n 
338 |2 rdacarrier  |a volume  |b n 
500 |a BRILLBRILLJ 
650 4 |a Islam. 
856 |z IJIA  |u https://brill.com/view/journals/ijia/ijia-overview.xml 
942 |2 lcc  |c EJL